Statistics for Battles with Most United States Military Deaths on a Map

Click here to take the quiz!

General Stats

  • This quiz has been taken 50 times
  • The average score is 10 of 30

Answers on the Map

Answers color-coded by a green-red scale on the quiz's map according to % correct below.
 

Answer Stats

BattleConflictDateFatalitiesOpposing Force% Correct
Battle of GettysburgAmerican Civil WarJuly 1 to July 3, 18633,155 killedConfederate States of America
86%
D-DayWorld War IIJune 6, 19442,500 killedNazi Germany
81%
Pearl HarborWorld War IIDecember 7, 19412,335 killedEmpire of Japan
81%
UN Counteroffensive from the Pusan PerimeterKorean WarSeptember 15 to September 30, 19501,492 killedNorth Korea
75%
Battle of ManilaWorld War IIFebruary 3 to March 3, 19451,010 killedEmpire of Japan
67%
Battle of Elsenborn RidgeWorld War IIDecember 16 to 26, 1944~5,000 killedNazi Germany
64%
Second Battle of Naktong BulgeKorean WarSeptember 1 to September 15, 19501,305 killedNorth Korea
58%
Naval Battle of GuadalcanalWorld War IINovember 12, 1942 to November 15, 19421,732 killedEmpire of Japan
53%
Battle of AntietamAmerican Civil WarSeptember 17, 18622,108 killedConfederate States of America
47%
Second Battle of Bull RunAmerican Civil WarAugust 26 to August 30, 18621,747 killedConfederate States of America
47%
Battle of ShilohAmerican Civil WarApril 6 to April 7, 18621,754 killedConfederate States of America
36%
Battle of FredericksburgAmerican Civil WarDecember 11 to December 15, 18621,284 killedConfederate States of America
33%
Battle of ChickamaugaAmerican Civil WarSeptember 19 to September 20, 18631,656 killedConfederate States of America
31%
Battle of ChancellorsvilleAmerican Civil WarApril 30 to May 6, 18631,606 killedConfederate States of America
25%
Battle of Cold HarborAmerican Civil WarMay 21 to June 12, 18641,844 killedConfederate States of America
22%
Battle of Leyte GulfWorld War IIOctober 23 to 25, 19442,800 killedEmpire of Japan
22%
Task Force FaithKorean WarNovember 27 to December 2, 19501,450~ killedChina
22%
Battle of AachenWorld War IIOctober 12 to October 21, 19442,000 killedNazi Germany
19%
Battle of SpotsylvaniaAmerican Civil WarMay 8 to May 21, 18642,725 killedConfederate States of America
19%
Battle of the WildernessAmerican Civil WarMay 5 to May 7, 18642,246 killedConfederate States of America
19%
Battle of Belleau WoodWorld War IJune 1 to June 26, 19181,062 killedGerman Empire
17%
Battle of TarawaWorld War IINovember 20 to November 23, 19431,759 killedEmpire of Japan
17%
Seven Days BattlesAmerican Civil WarJune 25 to July 1, 18621,734 killedConfederate States of America
14%
Battle of Saint-MihielWorld War ISeptember 12 to 15, 1918~4,500 killedGerman Empire
11%
Battle of Stones RiverAmerican Civil WarDecember 31, 1862 to January 2, 18631,730 killedConfederate States of America
11%
Battle of Savo IslandWorld War IIAugust 8, 1942 to August 9, 19421,077 killedEmpire of Japan
8%
Battle of MasanKorean WarAugust 5 to September 19, 19501,057 killedNorth Korea
6%
Battle of TaejonKorean WarJuly 14 to July 21, 19501,128 killedNorth Korea
6%
Operation ThunderboltKorean WarJanuary 25 to February 20, 19512,228 killedChina/North Korea
6%
UN Invasion of North KoreaKorean WarSeptember 30 to November 25, 19501,732 killedNorth Korea / China
6%

Score Distribution

Percentile by Number Answered

Percent of People with Each Score

Your Score History

You have not taken this quiz